00689 a2200217 4500502002300000653002600023100001700049245017500066300001600241650001000257650001200267650002000279650001200299650001200311130000700323710009400330041000700424041000700431653002300438651001000461 aThèse d'exercice1 aSciences agronomiques aDaga, Lazare aEtude comparative de deux méthodes de synchronisation et détection des chaleurs chez les vaches et genisses "lagunaire" et borgou en République Populaire du Bénin aXXIV-149 p. aVACHE aMETHODE aSYNCHRONISATION aGENISSE aCHALEUR lFr aAbomey-Calavi, Université nationale du Bénin, Faculté des Sciences Agronomiques, BJ bFr bEn 1aProduction animale aBENIN